000 01002pam a2200301 a 4500
999 _c3861
_d3861
003 OSt
005 20220218085950.0
008 881114s1989 pauaf b 001 0 eng c
020 _a080364597X
040 _cDLC
050 0 0 _aRM171
_b.M58 1989
060 _aWH 460 M688
245 0 0 _aModern blood banking and transfusion practices /
_ceditor-in-chief, Denise Harmening ; guiding editor, Loni Calhoun ; guiding editor, Herbert F. Polesky.
250 _a2nd ed.
260 _aPhiladelphia :
_bF.A. Davis,
_c1989.
300 _axiii, 439 p., [16] p. of plates :
_bill. (some col.) ;
_c29 cm.
504 _aIncludes bibliographies and index.
650 0 _aBlood
_xTransfusion.
650 0 _aBlood banks.
650 2 _aBlood Banks.
650 2 _aBlood Grouping and Crossmatching.
650 2 _aBlood Transfusion.
700 1 _aHarmening, Denise.
700 1 _aCalhoun, Loni.
700 1 _aPolesky, Herbert F.,
_d1933-
906 _a7
_bcbc
_corignew
_d1
_eocip
_f19
_gy-gencatlg
942 _2lcc
_cBK